000 00336nam a2200169Ia 4500
100 _aKaushik/Avinash
650 _aweb analytics
942 _cBK
366 _f20
654 _aweb analytics
245 _aWeb analytics 2.0
260 _bsybex
_c2010
082 _a4.65
_bKAU
300 _a475
546 _aENGLISH
999 _c29007
_d29007